Normal view
MARC view
Entry Topical Term
001 - CONTROL NUMBER
- control field: 815107
003 - CONTROL NUMBER IDENTIFIER
- control field: OSt
005 - DATE AND TIME OF LATEST TRANSACTION
- control field: 20250701164520.0
008 - FIXED-LENGTH DATA ELEMENTS
- fixed length control field: 250701|| aca||aabn | a|a d
040 ## - CATALOGING SOURCE
- Original cataloging agency: OSt
- Transcribing agency: OSt
150 ## - HEADING--TOPICAL TERM
- Topical term or geographic name entry element: Earliest Sino- Korean Realtions; Conflicting societies of Nations; KEL
670 ## - SOURCE DATA FOUND
- Source citation: Work cat.: (OSt)1433334: Nelson M Frederick 647120, Korea and the old orders in Eastern Asia, 1945
